00476 2200193 4500001002100000005001500021035002000036007000300056008004100059020002200100082000800122084001400130100001400144245002300158250001100181260004800192300003200240650001000272INLIS00000000000118820210929094553 a0010-0921000087ta210929 d f ind  a978-602-065-228-3 a813 a813 TER l0 aTere Liye1 aLumpu /cTere Liye aCet. 1 aJakarta :bPT Gramedia Pustaka Utama,c2021 a368 hlm. ;c13,5 cm x 20 cm anovel